书目信息 |
| 题名: |
积极发展农村小型水电站
|
|
| 作者: | ;水利电力部写作小组 编 | |
| 分册: | ||
| 出版信息: | 北京 人民出版社 1972 |
|
| 页数: | 71页 | |
| 开本: | 19cm | |
| 丛书名: | ||
| 单 册: | ||
| 中图分类: | TV742 | |
| 科图分类: | ||
| 主题词: | 水力发电站--农村 | |
| 电子资源: | ||
| ISBN: | 3001.1309 | |
| 000 | 00731cam0 2200241 450 | |
| 001 | 0105510516 | |
| 005 | 20080117135630.0 | |
| 010 | @a3001.1309@dCNY0.18 | |
| 091 | @a3001.1309@dCNY0.18 | |
| 100 | @a19970410d1972 em y0chiy0110 ea | |
| 101 | 0 | @achi |
| 102 | @aCN@b110000 | |
| 105 | @ay z 000yy | |
| 106 | @ar | |
| 200 | 1 | @a积极发展农村小型水电站@9Ji Ji Fa Zhan Nong Cun Xiao Xing Shui Dian Zhan @f水利电力部写作小组编@b专著 |
| 210 | @a北京@c人民出版社@d1972 | |
| 215 | @a71页@d19cm | |
| 606 | 0 | @a水力发电站@x农村 |
| 690 | @aTV742@v3 | |
| 711 | 02 | @a水利电力部写作小组@9shui li dian li bu xie zuo xiao zu@4编 |
| 801 | 0 | @aCN@b广东省中山图书馆@c19970410 |
| 801 | 2 | @aCN@bAiZhiMarc |
| 905 | @aBZT@dTV742@e3@f1@sTV742/3 | |
| 积极发展农村小型水电站/水利电力部写作小组编.-北京:人民出版社,1972 |
| 71页;19cm |
| ISBN 3001.1309:CNY0.18 |
| ● |
| 相关链接 |
|
|
|
正题名:积极发展农村小型水电站
索取号:TV742/3
 
预约/预借
| 序号 | 登录号 | 条形码 | 馆藏地/架位号 | 状态 | 备注 |
| 1 | 2000115877 | 2000115877 | 旧书回溯/ [索取号:TV742/3] | 在馆 |